[Event "Greek Team Cup Final 8"]
[Site "chess24.com"]
[Date "2017.07.01"]
[Round "2"]
[White "Galopoulos, Nikolaos"]
[Black "Mastrovasilis, Dimitrios"]
[Result "0-1"]
[Board "1"]
[WhiteElo "2369"]
[WhiteCountry "GRE"]
[WhiteFideId "4208951"]
[WhiteEloChange "-5"]
[BlackElo "2580"]
[BlackTitle "GM"]
[BlackCountry "GRE"]
[BlackFideId "4202694"]
[BlackEloChange "2"]

1. d4 {[%clk 1:30:56]} d5 {[%clk 1:30:30]} 2. c4 {[%clk 1:31:19]} e6 {[%clk
1:30:40]} 3. Nf3 {[%clk 1:31:38]} Nf6 {[%clk 1:30:45]} 4. e3 {[%clk 1:31:55]} c5
{[%clk 1:28:22]} 5. Nc3 {[%clk 1:32:10]} a6 {[%clk 1:28:06]} 6. dxc5 {[%clk
1:29:53]} Bxc5 {[%clk 1:28:19]} 7. a3 {[%clk 1:30:16]} Nc6 {[%clk 1:26:53]} 8. b4
{[%clk 1:29:45]} Bd6 {[%clk 1:26:58]} 9. cxd5 {[%clk 1:25:47]} exd5 {[%clk
1:27:15]} 10. Bb2 {[%clk 1:26:11]} O-O {[%clk 1:24:20]} 11. Be2 {[%clk 1:26:15]}
Bc7 {[%clk 1:04:27]} 12. b5 {[%clk 1:14:14]} axb5 {[%clk 0:51:27]} 13. Nxb5
{[%clk 1:09:08]} Ba5+ {[%clk 0:50:39]} 14. Bc3 {[%clk 1:09:33]} Ne4 {[%clk
0:47:32]} 15. Bxa5 {[%clk 1:09:53]} Qxa5+ {[%clk 0:47:52]} 16. Nd2 {[%clk
1:05:52]} d4 {[%clk 0:42:24]} 17. exd4 {[%clk 1:00:22]} Re8 {[%clk 0:36:28]} 18.
Rb1 {[%clk 0:54:09]} Be6 {[%clk 0:25:31]} 19. Qc1 {[%clk 0:48:49]} Bc4 {[%clk
0:19:11]} 0-1

[Event "Greek Team Cup Final 8"]
[Site "chess24.com"]
[Date "2017.07.01"]
[Round "2"]
[White "Georgiadis, Nico"]
[Black "Kesidis, Odyseas"]
[Result "1/2-1/2"]
[Board "2"]
[WhiteElo "2495"]
[WhiteTitle "IM"]
[WhiteCountry "SUI"]
[WhiteFideId "1300113"]
[WhiteEloChange "-3"]
[BlackElo "2202"]
[BlackCountry "GRE"]
[BlackFideId "4221796"]
[BlackEloChange "7"]

1. e4 {[%clk 1:30:51]} e5 {[%clk 1:30:53]} 2. Nf3 {[%clk 1:31:14]} Nc6 {[%clk
1:31:18]} 3. Bb5 {[%clk 1:31:28]} a6 {[%clk 1:30:29]} 4. Ba4 {[%clk 1:31:51]} Nf6
{[%clk 1:30:53]} 5. O-O {[%clk 1:31:38]} b5 {[%clk 1:31:04]} 6. Bb3 {[%clk
1:32:01]} Bc5 {[%clk 1:31:26]} 7. a4 {[%clk 1:27:17]} Rb8 {[%clk 1:31:51]} 8. c3
{[%clk 1:27:33]} d6 {[%clk 1:31:29]} 9. d4 {[%clk 1:24:33]} Bb6 {[%clk 1:31:51]}
10. axb5 {[%clk 1:24:55]} axb5 {[%clk 1:32:17]} 11. h3 {[%clk 1:13:16]} O-O
{[%clk 1:29:31]} 12. Be3 {[%clk 1:13:02]} exd4 {[%clk 1:14:49]} 13. cxd4 {[%clk
1:12:37]} Bd7 {[%clk 0:59:54]} 14. d5 {[%clk 0:47:33]} Na5 {[%clk 0:49:48]} 15.
Bxb6 {[%clk 0:46:29]} Nxb3 {[%clk 0:49:37]} 16. Qxb3 {[%clk 0:46:25]} Rxb6 {[%clk
0:49:59]} 17. Re1 {[%clk 0:45:12]} Re8 {[%clk 0:50:00]} 18. Nbd2 {[%clk 0:44:46]}
c6 {[%clk 0:47:22]} 19. dxc6 {[%clk 0:42:50]} Bxc6 {[%clk 0:44:26]} 20. Qd3
{[%clk 0:40:19]} Nd7 {[%clk 0:32:35]} 21. b4 {[%clk 0:28:18]} Ne5 {[%clk
0:32:32]} 22. Qd4 {[%clk 0:28:25]} Rb7 {[%clk 0:30:36]} 23. Nxe5 {[%clk 0:10:20]}
dxe5 {[%clk 0:28:22]} 24. Qxd8 {[%clk 0:09:58]} Rxd8 {[%clk 0:28:46]} 25. Nb3
{[%clk 0:09:59]} Rbd7 {[%clk 0:23:26]} 26. f3 {[%clk 0:07:28]} Rd3 {[%clk
0:21:20]} 27. Nc5 {[%clk 0:07:14]} R3d4 {[%clk 0:21:35]} 28. Ra6 {[%clk 0:06:05]}
Be8 {[%clk 0:21:53]} 29. Rb1 {[%clk 0:04:37]} Kf8 {[%clk 0:20:15]} 30. Kh2 {[%clk
0:03:59]} R8d6 {[%clk 0:12:59]} 31. Rxd6 {[%clk 0:02:01]} Rxd6 {[%clk 0:13:25]}
32. Rb2 {[%clk 0:01:12]} 1/2-1/2

[Event "Greek Team Cup Final 8"]
[Site "chess24.com"]
[Date "2017.07.01"]
[Round "2"]
[White "Parligras, Mircea-Emilian"]
[Black "Mastrovasilis, Athanasios"]
[Result "1-0"]
[Board "3"]
[WhiteElo "2612"]
[WhiteTitle "GM"]
[WhiteCountry "ROU"]
[WhiteFideId "1204297"]
[WhiteEloChange "4"]
[BlackElo "2512"]
[BlackTitle "GM"]
[BlackCountry "GRE"]
[BlackFideId "4201990"]
[BlackEloChange "-4"]

1. d4 {[%clk 1:30:57]} d5 {[%clk 1:28:55]} 2. c4 {[%clk 1:31:04]} dxc4 {[%clk
1:28:00]} 3. e3 {[%clk 1:30:54]} e5 {[%clk 1:27:13]} 4. Bxc4 {[%clk 1:31:14]}
exd4 {[%clk 1:27:03]} 5. exd4 {[%clk 1:31:37]} Nf6 {[%clk 1:27:17]} 6. Nf3 {[%clk
1:31:55]} Bd6 {[%clk 1:27:24]} 7. Qe2+ {[%clk 1:32:04]} Qe7 {[%clk 1:27:08]} 8.
Qxe7+ {[%clk 1:32:27]} Kxe7 {[%clk 1:24:00]} 9. O-O {[%clk 1:27:40]} Be6 {[%clk
1:13:35]} 10. Re1 {[%clk 1:27:04]} Kd7 {[%clk 1:11:38]} 11. Bd3 {[%clk 1:19:47]}
Nc6 {[%clk 1:04:55]} 12. Ne5+ {[%clk 1:15:15]} Kc8 {[%clk 0:57:23]} 13. Nxc6
{[%clk 1:14:31]} bxc6 {[%clk 0:57:49]} 14. Nc3 {[%clk 0:58:59]} Rb8 {[%clk
0:35:17]} 15. b3 {[%clk 0:57:12]} Bb4 {[%clk 0:33:44]} 16. Bb2 {[%clk 0:56:38]}
Nd5 {[%clk 0:33:09]} 17. Rec1 {[%clk 0:50:41]} Nxc3 {[%clk 0:32:03]} 18. Bxc3
{[%clk 0:51:06]} Bxc3 {[%clk 0:29:22]} 19. Rxc3 {[%clk 0:51:27]} Bd5 {[%clk
0:20:28]} 20. Bc4 {[%clk 0:48:03]} Bxc4 {[%clk 0:15:29]} 21. Rxc4 {[%clk
0:48:21]} Rb6 {[%clk 0:14:48]} 22. Rac1 {[%clk 0:44:27]} Rd8 {[%clk 0:15:10]} 23.
Kf1 {[%clk 0:42:52]} Rd5 {[%clk 0:14:59]} 24. R1c3 {[%clk 0:42:20]} Kd7 {[%clk
0:14:26]} 25. Ke2 {[%clk 0:40:22]} Ra5 {[%clk 0:10:09]} 26. a4 {[%clk 0:37:48]}
Rh5 {[%clk 0:07:51]} 27. h3 {[%clk 0:37:54]} a5 {[%clk 0:07:21]} 28. g4 {[%clk
0:31:45]} Rd5 {[%clk 0:07:38]} 29. Kd2 {[%clk 0:30:34]} h5 {[%clk 0:07:20]} 30.
Kc2 {[%clk 0:22:09]} hxg4 {[%clk 0:07:16]} 31. hxg4 {[%clk 0:22:33]} Rg5 {[%clk
0:05:37]} 32. f3 {[%clk 0:19:57]} Rd5 {[%clk 0:05:50]} 33. f4 {[%clk 0:19:29]}
Rd6 {[%clk 0:05:18]} 34. Re3 {[%clk 0:18:04]} Rh6 {[%clk 0:02:48]} 35. Rc5 {[%clk
0:16:40]} Rh4 {[%clk 0:02:33]} 36. Rg3 {[%clk 0:14:20]} Rh2+ {[%clk 0:02:22]} 37.
Kc3 {[%clk 0:14:26]} Ra6 {[%clk 0:00:58]} 38. Rg5 {[%clk 0:10:33]} g6 {[%clk
0:00:55]} 39. f5 {[%clk 0:10:55]} c5 {[%clk 0:00:56]} 40. dxc5 {[%clk 0:40:54]}
Rf6 {[%clk 0:30:53]} 41. fxg6 {[%clk 0:36:50]} fxg6 {[%clk 0:28:18]} 42. Re5
{[%clk 0:36:02]} Kc6 {[%clk 0:25:12]} 43. Rge3 {[%clk 0:35:49]} Rg2 {[%clk
0:23:17]} 44. Re6+ {[%clk 0:32:41]} Rxe6 {[%clk 0:23:36]} 45. Rxe6+ {[%clk
0:33:09]} Kxc5 {[%clk 0:23:50]} 46. Re5+ {[%clk 0:33:33]} Kb6 {[%clk 0:20:30]}
47. Rb5+ {[%clk 0:33:55]} Ka6 {[%clk 0:19:03]} 48. Rg5 {[%clk 0:34:20]} Kb6
{[%clk 0:19:18]} 49. Rxg6+ {[%clk 0:34:45]} c6 {[%clk 0:19:41]} 50. Rg5 {[%clk
0:33:40]} Rg1 {[%clk 0:16:32]} 51. b4 {[%clk 0:33:38]} Rc1+ {[%clk 0:13:02]} 52.
Kd2 {[%clk 0:32:27]} Rc4 {[%clk 0:13:25]} 53. bxa5+ {[%clk 0:32:51]} Ka6 {[%clk
0:13:52]} 54. Ke3 {[%clk 0:32:57]} Rxa4 {[%clk 0:14:11]} 55. Kf3 {[%clk 0:33:06]}
Ra3+ {[%clk 0:09:35]} 56. Kf4 {[%clk 0:33:30]} Ra4+ {[%clk 0:10:00]} 57. Kg3
{[%clk 0:33:56]} Rc4 {[%clk 0:10:07]} 58. Re5 {[%clk 0:33:52]} c5 {[%clk
0:10:08]} 59. g5 {[%clk 0:34:19]} Rc1 {[%clk 0:10:23]} 60. Kf4 {[%clk 0:33:09]}
Rf1+ {[%clk 0:03:49]} 61. Ke4 {[%clk 0:28:47]} c4 {[%clk 0:02:59]} 62. Rc5 {[%clk
0:27:18]} Rg1 {[%clk 0:02:27]} 63. Kf5 {[%clk 0:27:15]} Rf1+ {[%clk 0:01:53]} 64.
Ke5 {[%clk 0:26:49]} Rg1 {[%clk 0:02:06]} 65. Kf6 {[%clk 0:22:59]} Rf1+ {[%clk
0:02:29]} 66. Ke5 {[%clk 0:21:02]} Rg1 {[%clk 0:02:17]} 67. Kd4 {[%clk 0:21:21]}
Rg4+ {[%clk 0:02:06]} 68. Kc3 {[%clk 0:21:39]} Kb7 {[%clk 0:01:30]} 69. Kb4
{[%clk 0:21:54]} Ka7 {[%clk 0:01:12]} 70. Rc7+ {[%clk 0:21:24]} Ka6 {[%clk
0:01:09]} 71. Rg7 {[%clk 0:20:17]} Re4 {[%clk 0:01:02]} 72. Rg6+ {[%clk 0:20:04]}
Ka7 {[%clk 0:01:31]} 73. Rf6 {[%clk 0:18:53]} Rg4 {[%clk 0:01:04]} 74. g6 {[%clk
0:19:14]} Kb7 {[%clk 0:00:41]} 75. Rf7+ {[%clk 0:17:10]} Ka6 {[%clk 0:01:02]} 76.
g7 {[%clk 0:17:09]} c3+ {[%clk 0:00:58]} 77. Kxc3 {[%clk 0:17:34]} Kxa5 {[%clk
0:01:13]} 78. Kd3 {[%clk 0:17:58]} Kb6 {[%clk 0:01:25]} 79. Ke3 {[%clk 0:18:23]}
Kc6 {[%clk 0:01:35]} 80. Kf3 {[%clk 0:18:49]} Rg1 {[%clk 0:01:32]} 81. Ke4 {[%clk
0:19:04]} Kd6 {[%clk 0:01:29]} 82. Kf5 {[%clk 0:19:29]} Rg2 {[%clk 0:01:17]} 83.
Kf6 {[%clk 0:19:42]} 1-0

[Event "Greek Team Cup Final 8"]
[Site "chess24.com"]
[Date "2017.07.01"]
[Round "2"]
[White "Malikentzos, Sotirios"]
[Black "Gimnopoulos, Lazaros"]
[Result "1-0"]
[Board "4"]
[WhiteElo "2439"]
[WhiteTitle "FM"]
[WhiteCountry "GRE"]
[WhiteFideId "4215079"]
[WhiteEloChange "1"]
[BlackElo "2051"]
[BlackCountry "GRE"]
[BlackFideId "4201736"]
[BlackEloChange "-2"]

1. Nf3 {[%clk 1:30:55]} Nf6 {[%clk 1:30:49]} 2. c4 {[%clk 1:31:11]} d5 {[%clk
1:30:57]} 3. cxd5 {[%clk 1:30:48]} Nxd5 {[%clk 1:31:18]} 4. g3 {[%clk 1:30:52]}
g6 {[%clk 1:31:18]} 5. Bg2 {[%clk 1:31:14]} Bg7 {[%clk 1:31:29]} 6. d4 {[%clk
1:31:35]} O-O {[%clk 1:31:24]} 7. O-O {[%clk 1:31:54]} c6 {[%clk 1:27:07]} 8. e4
{[%clk 1:31:09]} Nc7 {[%clk 1:23:58]} 9. h3 {[%clk 1:30:16]} Nd7 {[%clk 1:24:14]}
10. Nc3 {[%clk 1:28:21]} b6 {[%clk 1:15:35]} 11. Bf4 {[%clk 1:25:33]} Bb7 {[%clk
1:13:35]} 12. Qd2 {[%clk 1:23:22]} Ne6 {[%clk 1:06:08]} 13. Bh6 {[%clk 1:22:29]}
Qc7 {[%clk 1:03:19]} 14. Rac1 {[%clk 1:19:19]} Rfe8 {[%clk 0:45:04]} 15. d5
{[%clk 1:15:45]} cxd5 {[%clk 0:43:37]} 16. exd5 {[%clk 1:14:25]} Bxh6 {[%clk
0:41:23]} 17. Qxh6 {[%clk 1:14:25]} Nec5 {[%clk 0:39:53]} 18. b4 {[%clk 1:03:43]}
Nd3 {[%clk 0:34:52]} 19. d6 {[%clk 0:58:54]} Qb8 {[%clk 0:28:36]} 20. Ng5 {[%clk
0:53:43]} Nf8 {[%clk 0:28:41]} 21. Bd5 {[%clk 0:35:41]} Bxd5 {[%clk 0:25:10]} 22.
dxe7 {[%clk 0:34:29]} Rxe7 {[%clk 0:25:35]} 23. Nxd5 {[%clk 0:34:52]} Qd6 {[%clk
0:25:23]} 24. Nxe7+ {[%clk 0:34:25]} Qxe7 {[%clk 0:25:47]} 25. Rcd1 {[%clk
0:29:22]} Qe2 {[%clk 0:24:56]} 26. Qh4 {[%clk 0:24:59]} Rd8 {[%clk 0:12:59]} 27.
Nxf7 {[%clk 0:20:17]} Kxf7 {[%clk 0:03:21]} 28. Qxd8 {[%clk 0:20:35]} Ne5 {[%clk
0:03:40]} 29. Qd5+ {[%clk 0:20:13]} Ne6 {[%clk 0:03:59]} 30. f4 {[%clk 0:17:43]}
1-0

[Event "Greek Team Cup Final 8"]
[Site "chess24.com"]
[Date "2017.07.02"]
[Round "3"]
[White "Saric, Ivan"]
[Black "Mastrovasilis, Dimitrios"]
[Result "1/2-1/2"]
[Board "1"]
[WhiteElo "2616"]
[WhiteTitle "GM"]
[WhiteCountry "CRO"]
[WhiteFideId "14508150"]
[WhiteEloChange "-1"]
[BlackElo "2580"]
[BlackTitle "GM"]
[BlackCountry "GRE"]
[BlackFideId "4202694"]
[BlackEloChange "1"]

1. e4 {[%clk 1:30:58]} e5 {[%clk 1:30:45]} 2. Nf3 {[%clk 1:31:25]} Nf6 {[%clk
1:31:02]} 3. Nxe5 {[%clk 1:31:42]} d6 {[%clk 1:31:09]} 4. Nf3 {[%clk 1:32:08]}
Nxe4 {[%clk 1:31:27]} 5. d4 {[%clk 1:31:44]} d5 {[%clk 1:31:38]} 6. Bd3 {[%clk
1:32:10]} Nc6 {[%clk 1:31:44]} 7. O-O {[%clk 1:32:21]} Be7 {[%clk 1:32:02]} 8. c4
{[%clk 1:31:42]} Nb4 {[%clk 1:31:34]} 9. Be2 {[%clk 1:32:04]} Bf5 {[%clk
1:31:39]} 10. a3 {[%clk 1:30:32]} Nc6 {[%clk 1:31:56]} 11. Nc3 {[%clk 1:30:56]}
Nxc3 {[%clk 1:31:48]} 12. bxc3 {[%clk 1:31:23]} O-O {[%clk 1:31:27]} 13. Re1
{[%clk 1:30:12]} Re8 {[%clk 1:30:18]} 14. Ra2 {[%clk 1:24:45]} dxc4 {[%clk
1:28:58]} 15. Bxc4 {[%clk 1:24:10]} Na5 {[%clk 1:29:16]} 16. Bd3 {[%clk 1:16:45]}
Bxd3 {[%clk 1:29:27]} 17. Qxd3 {[%clk 1:17:12]} Bf6 {[%clk 1:02:48]} 18. Rxe8+
{[%clk 1:12:14]} Qxe8 {[%clk 1:03:01]} 19. Re2 {[%clk 1:12:42]} Qc6 {[%clk
1:02:00]} 20. Bg5 {[%clk 1:12:06]} h6 {[%clk 0:58:39]} 21. Bxf6 {[%clk 1:11:43]}
Qxf6 {[%clk 0:59:06]} 22. h4 {[%clk 1:03:52]} b6 {[%clk 0:52:01]} 23. Ne5 {[%clk
0:54:42]} Rd8 {[%clk 0:43:07]} 24. Qg3 {[%clk 0:43:34]} Nc6 {[%clk 0:34:43]} 25.
Nxc6 {[%clk 0:43:56]} Qxc6 {[%clk 0:35:06]} 26. Re7 {[%clk 0:44:17]} Rd7 {[%clk
0:13:50]} 27. Re8+ {[%clk 0:44:04]} Kh7 {[%clk 0:14:17]} 28. Qd3+ {[%clk
0:33:00]} Qg6 {[%clk 0:13:59]} 29. Qf3 {[%clk 0:33:17]} Qf6 {[%clk 0:09:02]} 30.
Qe4+ {[%clk 0:29:45]} Qg6 {[%clk 0:09:30]} 31. Qa8 {[%clk 0:28:51]} Qb1+ {[%clk
0:08:56]} 32. Kh2 {[%clk 0:29:20]} Qf5 {[%clk 0:09:11]} 33. f3 {[%clk 0:27:06]}
Rd6 {[%clk 0:07:09]} 34. g4 {[%clk 0:23:53]} Qf4+ {[%clk 0:07:32]} 35. Kg2 {[%clk
0:20:22]} Re6 {[%clk 0:06:31]} 36. Rxe6 {[%clk 0:09:05]} fxe6 {[%clk 0:06:57]}
37. Qc6 {[%clk 0:05:30]} Qd2+ {[%clk 0:04:42]} 38. Kh3 {[%clk 0:05:49]} Qf2
{[%clk 0:03:45]} 39. Qe4+ {[%clk 0:06:00]} Kh8 {[%clk 0:04:04]} 40. Qa8+ {[%clk
0:35:51]} 1/2-1/2

[Event "Greek Team Cup Final 8"]
[Site "chess24.com"]
[Date "2017.07.02"]
[Round "3"]
[White "Malikentzos, Sotirios"]
[Black "Pavlidis, Antonios"]
[Result "1/2-1/2"]
[Board "2"]
[WhiteElo "2439"]
[WhiteTitle "FM"]
[WhiteCountry "GRE"]
[WhiteFideId "4215079"]
[WhiteEloChange "1"]
[BlackElo "2540"]
[BlackTitle "GM"]
[BlackCountry "GRE"]
[BlackFideId "4212312"]
[BlackEloChange "-1"]

1. Nf3 {[%clk 1:30:57]} Nf6 {[%clk 1:30:38]} 2. c4 {[%clk 1:31:19]} g6 {[%clk
1:31:02]} 3. g3 {[%clk 1:31:43]} Bg7 {[%clk 1:31:25]} 4. Bg2 {[%clk 1:32:07]} O-O
{[%clk 1:31:37]} 5. O-O {[%clk 1:32:30]} Nc6 {[%clk 1:31:02]} 6. Nc3 {[%clk
1:32:33]} d5 {[%clk 1:31:12]} 7. cxd5 {[%clk 1:32:52]} Nxd5 {[%clk 1:31:37]} 8.
d4 {[%clk 1:33:17]} Nxc3 {[%clk 1:32:02]} 9. bxc3 {[%clk 1:33:42]} e5 {[%clk
1:32:06]} 10. Ba3 {[%clk 1:32:31]} Re8 {[%clk 1:31:32]} 11. d5 {[%clk 1:32:49]}
Na5 {[%clk 1:31:09]} 12. Nd2 {[%clk 1:32:34]} b6 {[%clk 1:15:25]} 13. Rc1 {[%clk
1:23:30]} Bd7 {[%clk 1:06:09]} 14. Bb4 {[%clk 1:20:59]} Nb7 {[%clk 1:04:16]} 15.
c4 {[%clk 1:19:53]} Rb8 {[%clk 1:01:15]} 16. Ba3 {[%clk 1:00:46]} a5 {[%clk
0:59:34]} 17. c5 {[%clk 0:51:00]} Nxc5 {[%clk 0:52:29]} 18. Bxc5 {[%clk 0:51:03]}
bxc5 {[%clk 0:52:55]} 19. Nb3 {[%clk 0:45:35]} Bf8 {[%clk 0:36:25]} 20. Nxa5
{[%clk 0:36:13]} Rb2 {[%clk 0:36:50]} 21. Nb3 {[%clk 0:28:39]} Ba4 {[%clk
0:30:48]} 22. Qd3 {[%clk 0:27:25]} Bxb3 {[%clk 0:31:00]} 23. axb3 {[%clk
0:27:49]} Bd6 {[%clk 0:30:49]} 24. Rc2 {[%clk 0:26:38]} Rxc2 {[%clk 0:31:12]} 25.
Qxc2 {[%clk 0:27:04]} Qb8 {[%clk 0:31:31]} 26. e4 {[%clk 0:25:35]} Qa7 {[%clk
0:27:15]} 27. Rb1 {[%clk 0:24:50]} Kg7 {[%clk 0:27:36]} 28. Bf1 {[%clk 0:24:56]}
h5 {[%clk 0:27:40]} 29. h4 {[%clk 0:24:54]} Ra8 {[%clk 0:28:04]} 30. Bc4 {[%clk
0:25:04]} Qb8 {[%clk 0:28:28]} 31. Qb2 {[%clk 0:25:08]} 1/2-1/2

[Event "Greek Team Cup Final 8"]
[Site "chess24.com"]
[Date "2017.07.02"]
[Round "3"]
[White "Papaioannou, Ioannis"]
[Black "Georgiadis, Nico"]
[Result "1-0"]
[Board "3"]
[WhiteElo "2636"]
[WhiteTitle "GM"]
[WhiteCountry "GRE"]
[WhiteFideId "4201345"]
[WhiteEloChange "3"]
[BlackElo "2495"]
[BlackTitle "IM"]
[BlackCountry "SUI"]
[BlackFideId "1300113"]
[BlackEloChange "-3"]

1. d4 {[%clk 1:20:45]} d5 {[%clk 1:30:29]} 2. Nf3 {[%clk 1:21:00]} Nf6 {[%clk
1:30:51]} 3. c4 {[%clk 1:21:23]} e6 {[%clk 1:31:12]} 4. g3 {[%clk 1:21:42]} Bb4+
{[%clk 1:31:29]} 5. Bd2 {[%clk 1:22:03]} Bd6 {[%clk 1:31:20]} 6. Nc3 {[%clk
1:21:34]} O-O {[%clk 1:31:37]} 7. Bg2 {[%clk 1:21:05]} dxc4 {[%clk 1:26:51]} 8.
O-O {[%clk 1:21:19]} c6 {[%clk 1:22:07]} 9. Ne5 {[%clk 1:19:02]} Bxe5 {[%clk
1:22:19]} 10. dxe5 {[%clk 1:19:28]} Nd5 {[%clk 1:22:40]} 11. Qc2 {[%clk 1:18:58]}
Nd7 {[%clk 1:16:39]} 12. f4 {[%clk 1:19:20]} b5 {[%clk 1:16:57]} 13. Ne4 {[%clk
1:18:49]} Qb6+ {[%clk 1:16:58]} 14. Kh1 {[%clk 1:19:11]} a5 {[%clk 1:03:22]} 15.
g4 {[%clk 1:16:03]} Rd8 {[%clk 0:47:48]} 16. Nd6 {[%clk 1:08:46]} Nf8 {[%clk
0:42:20]} 17. f5 {[%clk 1:05:22]} Qd4 {[%clk 0:30:33]} 18. e4 {[%clk 0:52:33]}
Ne3 {[%clk 0:27:29]} 19. Bxe3 {[%clk 0:51:58]} Qxe3 {[%clk 0:27:54]} 20. Rad1
{[%clk 0:51:08]} Ba6 {[%clk 0:20:57]} 21. Rfe1 {[%clk 0:41:44]} Qf4 {[%clk
0:19:27]} 22. Qc3 {[%clk 0:41:12]} b4 {[%clk 0:10:21]} 23. Qd4 {[%clk 0:41:22]}
Qxg4 {[%clk 0:09:54]} 24. Qe3 {[%clk 0:39:58]} Rd7 {[%clk 0:05:48]} 25. Bh3
{[%clk 0:40:16]} Qh5 {[%clk 0:04:35]} 26. Rg1 {[%clk 0:40:38]} exf5 {[%clk
0:04:09]} 27. exf5 {[%clk 0:40:54]} c5 {[%clk 0:02:08]} 28. Bg2 {[%clk 0:40:37]}
Re8 {[%clk 0:00:52]} 29. Qg3 {[%clk 0:40:47]} Red8 {[%clk 0:00:37]} 30. Bf3
{[%clk 0:39:52]} Qh6 {[%clk 0:01:04]} 31. f6 {[%clk 0:40:05]} Ng6 {[%clk
0:00:39]} 32. Nf5 {[%clk 0:40:21]} Qf4 {[%clk 0:00:34]} 33. Ne7+ {[%clk 0:40:48]}
1-0

[Event "Greek Team Cup Final 8"]
[Site "chess24.com"]
[Date "2017.07.02"]
[Round "3"]
[White "Mastrovasilis, Athanasios"]
[Black "Tsolakidou, Stavroula"]
[Result "1-0"]
[Board "4"]
[WhiteElo "2512"]
[WhiteTitle "GM"]
[WhiteCountry "GRE"]
[WhiteFideId "4201990"]
[WhiteEloChange "3"]
[BlackElo "2359"]
[BlackTitle "WGM"]
[BlackCountry "GRE"]
[BlackFideId "4264312"]
[BlackEloChange "-6"]

1. d4 {[%clk 1:30:26]} Nf6 {[%clk 1:30:52]} 2. Nf3 {[%clk 1:29:29]} e6 {[%clk
1:31:09]} 3. e3 {[%clk 1:29:09]} b6 {[%clk 1:30:48]} 4. Bd3 {[%clk 1:29:18]} Bb7
{[%clk 1:31:04]} 5. O-O {[%clk 1:29:20]} g6 {[%clk 1:20:20]} 6. Nbd2 {[%clk
1:18:52]} Bg7 {[%clk 1:20:18]} 7. e4 {[%clk 1:17:34]} O-O {[%clk 1:14:16]} 8. e5
{[%clk 1:06:24]} Nd5 {[%clk 1:11:06]} 9. Ne4 {[%clk 1:00:38]} f5 {[%clk 0:49:42]}
10. Neg5 {[%clk 0:34:31]} h6 {[%clk 0:42:06]} 11. Nh3 {[%clk 0:31:12]} Qe8 {[%clk
0:39:23]} 12. Be2 {[%clk 0:29:05]} d6 {[%clk 0:29:10]} 13. c4 {[%clk 0:28:39]}
Ne7 {[%clk 0:28:41]} 14. Nf4 {[%clk 0:28:21]} Qf7 {[%clk 0:27:43]} 15. d5 {[%clk
0:22:46]} exd5 {[%clk 0:26:37]} 16. e6 {[%clk 0:19:17]} Qe8 {[%clk 0:26:19]} 17.
cxd5 {[%clk 0:15:13]} Na6 {[%clk 0:20:39]} 18. Nh4 {[%clk 0:10:22]} g5 {[%clk
0:10:40]} 19. Bh5 {[%clk 0:10:21]} Qd8 {[%clk 0:10:59]} 20. Bf7+ {[%clk 0:09:36]}
Kh7 {[%clk 0:10:45]} 21. Nh5 {[%clk 0:05:27]} Rxf7 {[%clk 0:07:46]} 22. exf7
{[%clk 0:05:47]} gxh4 {[%clk 0:08:03]} 23. Nxg7 {[%clk 0:05:23]} Kxg7 {[%clk
0:06:13]} 24. Qh5 {[%clk 0:05:29]} Ng6 {[%clk 0:04:15]} 25. Re1 {[%clk 0:02:22]}
Bxd5 {[%clk 0:02:42]} 26. Bxh6+ {[%clk 0:02:31]} Kxf7 {[%clk 0:02:42]} 27. Qxf5+
{[%clk 0:02:56]} 1-0